| 000 | 00972cam a2200277 i 4500 | ||
|---|---|---|---|
| 999 |
_c200441517 _d59729 |
||
| 003 | TR-AnTOB | ||
| 005 | 20220615130146.0 | ||
| 007 | ta | ||
| 008 | 210623b |||| |||| 10| 0 fre d | ||
| 040 |
_aTR-AnTOB _beng _erda _cTR-AnTOB |
||
| 041 | 1 |
_afre _htur |
|
| 050 | 4 |
_bKKX3633 _a.U4814 1990 |
|
| 090 |
_aKKX3633 _b.U4814 1990 |
||
| 245 | 1 | 0 |
_aSymposium International sur la Tax sur la Valeur Ajoutée : _b(İstanbul, 25-26 October 1990). |
| 264 | 1 |
_aAnkara: _bRepublique de la Turquie Ministere des Finance et des Douanes Direction Générale des Revenus, _c1992. |
|
| 300 |
_a226 pages : _c25 cm |
||
| 336 |
_2rdacontent _atext _btxt |
||
| 337 |
_2rdamedia _aunmediated _bn |
||
| 338 |
_2rdacarrier _avolume _bnc |
||
| 500 | _aFrench and English. | ||
| 500 | _aOriginal title: Uluslararası Ktma Değer Vergisi Sempozyumu. | ||
| 650 | 0 |
_aValue-added tax _zTurkey _vCongresses _951959 |
|
| 942 |
_2lcc _cBK |
||